[Event "LTU-ch sf"]
[Site "Kaunas"]
[Date "2024.03.09"]
[Round "6"]
[White "Sakinis, Rokas"]
[Black "Rudzinskaite, Ula"]
[Result "0-1"]
[WhiteElo "1605"]
[BlackElo "1683"]
[PlyCount "110"]
[EventDate "2024.03.06"]
[EventType "swiss"]
[EventRounds "8"]
[EventCountry "LTU"]
[SourceTitle "CB11_2024"]
[SourceDate "2024.03.13"]
[SourceVersion "1"]
[SourceVersionDate "2024.03.13"]
[SourceQuality "1"]

1. e4 d5 2. exd5 Nf6 3. d4 Qxd5 4. Nc3 Qd6 5. Nf3 Bg4 6. Be2 a6 7. 0-0 Nc6 8. Be3 0-0-0 9. Ng5 Be6 10. Nxe6 Qxe6 11. Na4 Qd6 12. c3 e5 13. dxe5 Nxe5 14. b3 Qe6 15. Qc2 Neg4 16. Bc5 Bxc5 17. Nxc5 Qe5 18. g3 Qxc5 19. b4 Qh5 20. h4 Kb8 21. b5 a5 22. Kg2 Qd5+ 23. Bf3 Qd2 24. Qxd2 Rxd2 25. Kg1 Ne5 26. Bg2 Re8 27. b6 c6 28. Rad1 Rxd1 29. Rxd1 Nc4 30. Rb1 Re2 31. Bf1 Rb2 32. Rxb2 Nxb2 33. f4 Ne4 34. g4 Nxc3 35. f5 Kc8 36. g5 f6 37. Bh3 h6 38. Kg2 Nxa2 39. Kg3 c5 40. Kg4 Kd8 41. Bg2 Na4 42. Kh5 hxg5 43. hxg5 fxg5 44. Kg6 Nxb6 45. Kxg7 Nd7 46. Bxb7 Ke7 47. Kg6 c4 48. Kg7 c3 49. Bc6 Nf6 50. Ba4 g4 51. Kh8 g3 52. Bb3 g2 53. Bf7 g1Q 54. Bg6 Qh2+ 55. Kg7 c2 0-1

[Event "EU-ch U14 Girls rapid"]
[Site "Terme Catez"]
[Date "2023.09.28"]
[Round "2"]
[White "Piddubna, Bozhena"]
[Black "Rudzinskaite, Ula"]
[Result "1-0"]
[WhiteElo "1977"]
[BlackElo "1524"]
[PlyCount "71"]
[EventDate "2023.09.28"]
[EventType "swiss (rapid)"]
[EventRounds "9"]
[EventCountry "SLO"]
[SourceTitle "EXT 2024"]
[Source "ChessBase"]
[SourceDate "2023.10.10"]
[SourceVersion "1"]
[SourceVersionDate "2023.10.10"]
[SourceQuality "1"]

1. d4 f5 2. Nf3 Nf6 3. g3 e6 4. c4 d5 5. Nc3 c6 6. Bf4 Be7 7. e3 0-0 8. Ne5 Nbd7 9. h4 Ne4 10. Bd3 Ndf6 11. Bxe4 Nxe4 12. Nxe4 fxe4 13. a3 a5 14. b3 Bd7 15. Qg4 Bf6 16. Bg5 Qe7 17. c5 Qe8 18. Bxf6 Rxf6 19. Rc1 Qe7 20. Qe2 Raf8 21. Rh2 Be8 22. Kd2 Rh6 23. Rch1 Qd8 24. g4 Rhf6 25. Rf1 Qe7 26. h5 h6 27. Rg1 b6 28. g5 hxg5 29. Rxg5 Rxf2 30. Rxf2 Rxf2 31. Qxf2 Qxg5 32. cxb6 Qd8 33. h6 gxh6 34. Qg3+ Kh7 35. Ng4 Bh5 36. Qc7+ 1-0

[Event "EU-ch U14 Girls rapid"]
[Site "Terme Catez"]
[Date "2023.09.28"]
[Round "5"]
[White "Sekova, Olivia"]
[Black "Rudzinskaite, Ula"]
[Result "1-0"]
[WhiteElo "1766"]
[BlackElo "1524"]
[PlyCount "97"]
[EventDate "2023.09.28"]
[EventType "swiss (rapid)"]
[EventRounds "9"]
[EventCountry "SLO"]
[SourceTitle "EXT 2024"]
[Source "ChessBase"]
[SourceDate "2023.10.10"]
[SourceVersion "1"]
[SourceVersionDate "2023.10.10"]
[SourceQuality "1"]

1. e4 e6 2. d3 d5 3. Nd2 Nf6 4. g3 c5 5. Bg2 Nc6 6. Ngf3 g6 7. 0-0 Bg7 8. Re1 0-0 9. exd5 exd5 10. d4 c4 11. c3 Re8 12. b3 cxb3 13. axb3 Bf5 14. h3 Ne4 15. Nxe4 Bxe4 16. Bf4 a6 17. Kh2 Rc8 18. Nd2 Bxg2 19. Kxg2 Na7 20. Qf3 Nb5 21. Rxe8+ Qxe8 22. Qxd5 Rxc3 23. Nf3 Qc8 24. Re1 Nc7 25. Qa5 Ne6 26. Be5 Bxe5 27. Rxe5 Qc6 28. d5 Qc5 29. dxe6 Qc6 30. exf7+ Kxf7 31. Qd5+ Qxd5 32. Rxd5 Rxb3 33. Ng5+ Kg8 34. Rd8+ Kg7 35. Rd7+ Kf6 36. Nxh7+ Kf5 37. g4+ Kf4 38. Rf7+ Ke4 39. Ng5+ Ke5 40. f4+ Kd6 41. Rf6+ Ke7 42. Rxg6 a5 43. Re6+ Kf8 44. f5 a4 45. f6 Rb5 46. h4 a3 47. f7 Rxg5 48. hxg5 Kxf7 49. Re3 1-0

[Event "LTU-ch sf"]
[Site "Vilnius"]
[Date "2023.04.15"]
[Round "8"]
[White "Rudzinskaite, Ula"]
[Black "Kungys, Deivis"]
[Result "1/2-1/2"]
[WhiteElo "1366"]
[BlackElo "1208"]
[PlyCount "29"]
[EventDate "2023.04.11"]
[EventType "swiss"]
[EventRounds "9"]
[EventCountry "LTU"]
[SourceTitle "CBM 213 Extra"]
[Source "ChessBase"]
[SourceDate "2023.05.31"]
[SourceVersion "1"]
[SourceVersionDate "2023.05.31"]
[SourceQuality "1"]

1. d4 c6 2. c4 d5 3. cxd5 cxd5 4. Nc3 Nc6 5. Bf4 Nf6 6. e3 a6 7. Bd3 Bg4 8. Qb3 Qd7 9. h3 Bh5 10. Nge2 e6 11. 0-0 Na5 12. Qa4 Nc6 13. Qb3 Na5 14. Qa4 Nc6 15. Qb3 1/2-1/2

[Event "LTU-ch sf"]
[Site "Vilnius"]
[Date "2023.04.14"]
[Round "6"]
[White "Griksaite, Leva"]
[Black "Rudzinskaite, Ula"]
[Result "0-1"]
[WhiteElo "1438"]
[BlackElo "1366"]
[PlyCount "80"]
[EventDate "2023.04.11"]
[EventType "swiss"]
[EventRounds "9"]
[EventCountry "LTU"]
[SourceTitle "CBM 213 Extra"]
[Source "ChessBase"]
[SourceDate "2023.05.31"]
[SourceVersion "1"]
[SourceVersionDate "2023.05.31"]
[SourceQuality "1"]

1. e4 e6 2. d4 d5 3. Nc3 dxe4 4. Nxe4 Nf6 5. Bg5 Be7 6. Bxf6 Bxf6 7. Nf3 Nc6 8. Bb5 Qd5 9. Qd3 a6 10. c4 Qf5 11. Nxf6+ Qxf6 12. Bxc6+ bxc6 13. 0-0 0-0 14. Qe4 Bb7 15. Ne5 Rfd8 16. Rfd1 Rd6 17. Rd3 Qf5 18. Qxf5 exf5 19. c5 Re6 20. h4 a5 21. Rb1 Ba6 22. Ra3 Bb5 23. Rb3 Rd8 24. Nf3 h6 25. a4 Be2 26. Re3 Bxf3 27. Rxf3 Rxd4 28. Rxf5 Rxa4 29. Rd1 g6 30. Rd8+ Kg7 31. Rf3 Rxh4 32. g3 Rhe4 33. Rd7 Re7 34. Rxe7 Rxe7 35. Ra3 Kf6 36. Rxa5 Ke6 37. Kg2 Kd5 38. b4 Kc4 39. Ra6 Kb5 40. Ra8 Kxb4 0-1

[Event "LTU-ch sf"]
[Site "Vilnius"]
[Date "2023.04.12"]
[Round "2"]
[White "Mickunaite, Agne"]
[Black "Rudzinskaite, Ula"]
[Result "1-0"]
[WhiteElo "1566"]
[BlackElo "1366"]
[PlyCount "133"]
[EventDate "2023.04.11"]
[EventType "swiss"]
[EventRounds "9"]
[EventCountry "LTU"]
[SourceTitle "CBM 213 Extra"]
[Source "ChessBase"]
[SourceDate "2023.05.31"]
[SourceVersion "1"]
[SourceVersionDate "2023.05.31"]
[SourceQuality "1"]

1. c4 e6 2. d4 d5 3. e3 Nf6 4. Nc3 c6 5. Nf3 Be7 6. cxd5 exd5 7. h3 0-0 8. Bd3 Nbd7 9. 0-0 Ne8 10. Qc2 g6 11. e4 dxe4 12. Nxe4 Ndf6 13. Bh6 Ng7 14. Nxf6+ Bxf6 15. Rad1 Re8 16. Bc4 Be6 17. Bxg7 Bxg7 18. Qb3 Bxc4 19. Qxc4 Re4 20. Rfe1 Rxe1+ 21. Rxe1 Bf6 22. Ne5 Qc7 23. Ng4 Bg7 24. Ne5 Re8 25. f4 Bxe5 26. fxe5 Qb6 27. b3 Kg7 28. Rf1 Re7 29. Kh1 Rd7 30. Rf4 Qa5 31. b4 Qd5 32. Qc2 Qb5 33. Qc3 Qd5 34. a3 Kg8 35. Qe3 h5 36. Kh2 Qa2 37. Rf6 Qd5 38. e6 Re7 39. exf7+ Qxf7 40. Qg5 Qd5 41. Rxg6+ Kf8 42. Qxd5 cxd5 43. Rg3 Re4 44. Rd3 Kf7 45. Kg3 Kg6 46. a4 a6 47. b5 axb5 48. axb5 Kg5 49. Kf3 Kf5 50. Rc3 Rxd4 51. Rc7 b6 52. Rc6 Rb4 53. Rxb6 Rb3+ 54. Kf2 Ke4 55. Re6+ Kd4 56. b6 Rb2+ 57. Kf1 Kd3 58. g4 hxg4 59. hxg4 d4 60. g5 Rb1+ 61. Kf2 Rb2+ 62. Kf3 Kc3 63. Rc6+ Kd2 64. g6 Ke1 65. Ke4 Rb4 66. Kd3 Kf2 67. g7 1-0